| 000 | 00659cam a2200217Ia 4500 | ||
|---|---|---|---|
| 999 |
_c4457 _d4457 |
||
| 001 | 3587818 | ||
| 003 | OCoLC | ||
| 005 | 20181206124604.0 | ||
| 008 | 780130s1961 ilu 000 0 eng d | ||
| 035 | _a(OCoLC)3587818 | ||
| 040 |
_aCSM _cCSM _dZBS _dBSC |
||
| 041 | 1 |
_aeng _hgrc |
|
| 082 | _aREF 225.52 | ||
| 092 |
_a225.5 _bT971t, 1961 |
||
| 130 | 0 |
_aBible. _pNew Testament _lEnglish. _sTwentieth Century. _f1961. |
|
| 245 | 1 | 4 |
_aThe twentieth century New Testament : _ba translation into modern English. |
| 260 |
_aChicago : _bMoody Press, _c1961. |
||
| 300 |
_avii, 449 p. ; _c18 cm. |
||
| 500 | _aUnited Bible Societies language: English. | ||
| 942 |
_2ddc _cREF |
||